The American Catholic parish : a history from 1850 to the present /

Bibliographic Details
Other Authors: Dolan, Jay P., 1936-
Format: Book
Language:English
Published: New York : Paulist Press, [1987]
Subjects:

MARC

Tag First Indicator Second Indicator Subfields
LEADER 00000cam a2200000 a 4500
001 in00000017799
005 20151007053518.0
008 870316s1987 nyu b 00100 eng
010 |a  87006865  
020 |a 0809103990 (v. 1) :  |c $24.95 (est.) 
020 |z 0809104008 (v. 2) :  |c $24.95 
035 |a (OCoLC)15428444 
035 |9 AAB1916AM 
040 |a DLC  |c DLC  |d TXA  |d UtOrBLW 
043 |a n-us--- 
049 |a TXAM  |v 1 [A11083822]  |v 2 [A11083830] 
050 0 0 |a BX1407.P3  |b A53 1987 
082 0 |a 282/.73  |2 19 
245 0 4 |a The American Catholic parish :  |b a history from 1850 to the present /  |c edited by Jay P. Dolan. 
264 1 |a New York :  |b Paulist Press,  |c [1987] 
264 4 |c ©1987 
300 |a 2 volumes ;  |c 24 cm. 
336 |a text  |b txt  |2 rdacontent 
337 |a unmediated  |b n  |2 rdamedia 
338 |a volume  |b nc  |2 rdacarrier 
504 |a Includes bibliographies and indexes. 
505 0 |a v. 1. Northeast, Southeast, South Central -- v. 2. Pacific States, Intermountain West, Midwest. 
610 2 0 |a Catholic Church  |z United States  |x History  |y 19th century. 
650 0 |a Parishes  |z United States  |x History  |y 19th century. 
610 2 0 |a Catholic Church  |z United States  |x History  |y 20th century. 
650 0 |a Parishes  |z United States  |x History  |y 20th century. 
651 0 |a United States  |x Church history  |y 19th century. 
651 0 |a United States  |x Church history  |y 20th century. 
700 1 |a Dolan, Jay P.,  |d 1936- 
999 |a MARS 
999 f f |s 1e324bf0-2c7d-3638-9794-d918b1447504  |i e7685c4c-60e4-31f8-88a4-145d28568f45  |t 0 
952 f f |p normal  |a Texas A&M University  |b College Station  |c Sterling C. Evans Library  |s Evans stk  |d Evans: Library Stacks  |t 0  |e BX1407.P3 A53 1987  |h Library of Congress classification  |i unmediated -- volume  |k v.1  |m A14811083822 
952 f f |p normal  |a Texas A&M University  |b College Station  |c Sterling C. Evans Library  |s Evans stk  |d Evans: Library Stacks  |t 0  |e BX1407.P3 A53 1987  |h Library of Congress classification  |i unmediated -- volume  |k v.2  |m A14811083830 
998 f f |a BX1407.P3 A53 1987  |s v.1-v.2  |t 0  |l Evans: Library Stacks